000
00334nam a2200145Ia 4500
008
230718s9999 xx 000 0 und d
041
_a
Eng.
082
_a
348.5491
_b
MUH-C
100
_a
Muhammad wahaj azhar
245
0
_a
civil law case
260
_a
Pakistan
_b
PLD publisher
_c
2021
300
_a
626
650
_a
Law
999
_c
32979
_d
32979